[Event "Manhem IM Swiss (Manhem 90 years)"]
[Site "?"]
[Date "1996.08.15"]
[Round "6"]
[White "Hultin, Johan"]
[Black "Brynell, Stellan"]
[Result "1/2-1/2"]
[WhiteElo "2335"]
[BlackElo "2445"]
[PlyCount "81"]
[EventDate "1996.08.12"]
[EventType "swiss"]
[EventRounds "9"]

1. d4 e6 2. c4 Nf6 3. Nf3 b6 4. a3 c5 5. d5 Ba6 6. dxe6 fxe6 7. Nbd2 Bb7 8. g3
Be7 9. b3 O-O 10. Bb2 Nc6 11. Bg2 d5 12. O-O Qe8 13. Ng5 Nd8 14. e3 Nd7 15.
Ndf3 Bf6 16. Bxf6 Rxf6 17. Nh3 Nf7 18. Ra2 Rd8 19. Rd2 dxc4 20. bxc4 Bxf3 21.
Bxf3 Rxf3 22. Rxd7 Rxg3+ 23. hxg3 Qxd7 24. Qh5 Qd3 25. Ng5 Qf5 26. Qxf7+ Qxf7
27. Nxf7 Kxf7 28. a4 Ke7 29. a5 Kd6 30. axb6 axb6 31. Ra1 Kc6 32. Kg2 Kb7 33.
f4 b5 34. cxb5 c4 35. Kf3 Kb6 36. Ra6+ Kxb5 37. Rxe6 c3 38. Re7 Rc8 39. Rb7+
Kc4 40. Ke2 Rd8 41. Rxg7 1/2-1/2

[Event "Manhem IM Swiss (Manhem 90 years)"]
[Site "?"]
[Date "1996.08.15"]
[Round "6"]
[White "Wallace, John Paul"]
[Black "Svensson, Bengt"]
[Result "1-0"]
[WhiteElo "2365"]
[BlackElo "2405"]
[PlyCount "79"]
[EventDate "1996.08.12"]
[EventType "swiss"]
[EventRounds "9"]

1. e4 c5 2. Nf3 d6 3. d4 cxd4 4. Nxd4 Nf6 5. Nc3 a6 6. Be2 e6 7. f4 Be7 8. O-O
O-O 9. Be3 Nc6 10. Kh1 Bd7 11. Qe1 b5 12. a3 Nxd4 13. Bxd4 Bc6 14. Qg3 Qd7 15.
Rae1 Qb7 16. Bd3 b4 17. Nd1 bxa3 18. bxa3 Nh5 19. Qh3 Nxf4 20. Rxf4 e5 21. Ne3
exf4 22. Nf5 f6 23. e5 Bxg2+ 24. Qxg2 Qxg2+ 25. Kxg2 fxe5 26. Nxe7+ Kf7 27.
Bxe5 dxe5 28. Nc6 g6 29. Rxe5 Rfe8 30. Rd5 Kf6 31. Kf3 Re3+ 32. Kxf4 Rh3 33.
Ne5 g5+ 34. Ke4 Rh4+ 35. Kf3 h5 36. Kg3 Re8 37. Nd7+ Ke6 38. Rxg5 Rd4 39. Nc5+
Kf6 40. Rf5+ 1-0

[Event "Manhem IM Swiss (Manhem 90 years)"]
[Site "?"]
[Date "1996.08.15"]
[Round "6"]
[White "Hellsten, Johan"]
[Black "Furhoff, Johan"]
[Result "1-0"]
[WhiteElo "2490"]
[BlackElo "2330"]
[PlyCount "77"]
[EventDate "1996.08.12"]
[EventType "swiss"]
[EventRounds "9"]

1. d4 Nc6 2. c4 e5 3. d5 Bb4+ 4. Bd2 Bxd2+ 5. Qxd2 Nce7 6. Nc3 d6 7. e4 f5 8.
c5 Nf6 9. Bb5+ Bd7 10. Bc4 fxe4 11. Nge2 O-O 12. c6 Bc8 13. cxb7 Bxb7 14. Ng3
Kh8 15. O-O-O Qc8 16. Rhe1 Nf5 17. Ncxe4 Nxg3 18. hxg3 Nxe4 19. Rxe4 c6 20.
dxc6 Bxc6 21. Rh4 Bxg2 22. Qxd6 Rxf2 23. Qxe5 Rf5 24. Rd8+ Qxd8 25. Qxf5 h6 26.
Qe5 Qb6 27. Be6 Qg1+ 28. Kc2 Qf2+ 29. Kb3 Qf3+ 30. Ka4 Qc6+ 31. Ka3 Qa6+ 32.
Ra4 Qd3+ 33. b3 Qd2 34. Rc4 a5 35. Rc7 Qb4+ 36. Kb2 Qf8 37. Rf7 Qg8 38. Rf2 Re8
39. Re2 1-0

[Event "Manhem IM Swiss (Manhem 90 years)"]
[Site "?"]
[Date "1996.08.15"]
[Round "6"]
[White "Berg, Emanuel"]
[Black "Moberg, Karl Johan"]
[Result "1/2-1/2"]
[WhiteElo "2215"]
[BlackElo "2390"]
[PlyCount "62"]
[EventDate "1996.08.12"]
[EventType "swiss"]
[EventRounds "9"]

1. e4 e5 2. Nf3 Nc6 3. d4 exd4 4. Nxd4 Nf6 5. Nc3 Bb4 6. Nxc6 bxc6 7. Bd3 d5 8.
exd5 cxd5 9. O-O O-O 10. Bg5 c6 11. Qf3 Bd6 12. Rae1 h6 13. Bxf6 Qxf6 14. Qxf6
gxf6 15. Nd1 Rb8 16. b3 a5 17. Ne3 Kg7 18. Nf5+ Bxf5 19. Bxf5 Rbd8 20. Re3 Rfe8
21. Rc3 Re5 22. Bg4 c5 23. Bf3 f5 24. Rd3 d4 25. Rfd1 Re7 26. Bc6 Re2 27. R3d2
Rxd2 28. Rxd2 Kf6 29. Re2 Rc8 30. Bb5 Rc7 31. a4 Re7 1/2-1/2

[Event "Manhem IM Swiss (Manhem 90 years)"]
[Site "?"]
[Date "1996.08.15"]
[Round "6"]
[White "Andersson, Goran"]
[Black "Vark, Liina"]
[Result "1-0"]
[WhiteElo "2205"]
[BlackElo "2040"]
[PlyCount "45"]
[EventDate "1996.08.12"]
[EventType "swiss"]
[EventRounds "9"]

1. e4 e5 2. Nf3 Nc6 3. Bb5 a6 4. Ba4 Nf6 5. O-O Be7 6. Re1 b5 7. Bb3 d6 8. c3
Bg4 9. d3 O-O 10. Nbd2 Na5 11. Bc2 c5 12. Nf1 h6 13. h3 Be6 14. d4 Qc7 15. Ne3
Rfc8 16. b3 c4 17. Bb2 Nh7 18. Nd5 Bxd5 19. exd5 exd4 20. Nxd4 Bf6 21. b4 Nb7
22. Qg4 Re8 23. Nf5 1-0

[Event "Manhem IM Swiss (Manhem 90 years)"]
[Site "?"]
[Date "1996.08.15"]
[Round "6"]
[White "Arnelind, Mikael"]
[Black "Haveland, Bjorn"]
[Result "0-1"]
[WhiteElo "2140"]
[BlackElo "1855"]
[PlyCount "44"]
[EventDate "1996.08.12"]
[EventType "swiss"]
[EventRounds "9"]

1. d4 d5 2. c4 e6 3. Nc3 Nf6 4. cxd5 exd5 5. Bg5 Be7 6. e3 O-O 7. Qc2 c6 8. Bd3
h6 9. Bh4 Nbd7 10. Nge2 Re8 11. O-O Nf8 12. f3 Be6 13. e4 dxe4 14. fxe4 Qd7 15.
Bg3 Rad8 16. h3 Nh5 17. Bh2 Bg5 18. Kh1 Be3 19. d5 Bxh3 20. gxh3 Qxh3 21. Bc4
Ng6 22. Qd3 Ne5 0-1

[Event "Manhem IM Swiss (Manhem 90 years)"]
[Site "?"]
[Date "1996.08.15"]
[Round "6"]
[White "Gullaksen, Eirik"]
[Black "Tonning, Erik"]
[Result "1/2-1/2"]
[WhiteElo "2325"]
[BlackElo "2205"]
[PlyCount "33"]
[EventDate "1996.08.12"]
[EventType "swiss"]
[EventRounds "9"]

1. e4 e6 2. d4 d5 3. Nc3 Bb4 4. e5 c5 5. a3 Bxc3+ 6. bxc3 Ne7 7. Qg4 Qc7 8. Bd3
cxd4 9. Ne2 dxc3 10. Qxg7 Rg8 11. Qxh7 Nbc6 12. Bf4 Bd7 13. Bg3 O-O-O 14. O-O
Nxe5 15. Rfe1 N7c6 16. Nxc3 Qa5 17. Nb5 1/2-1/2

[Event "Manhem IM Swiss (Manhem 90 years)"]
[Site "?"]
[Date "1996.08.16"]
[Round "7"]
[White "Haveland, Bjorn"]
[Black "Lahlum, Hans Olav"]
[Result "1/2-1/2"]
[WhiteElo "1855"]
[BlackElo "2230"]
[PlyCount "118"]
[EventDate "1996.08.12"]
[EventType "swiss"]
[EventRounds "9"]

1. e4 e6 2. d4 d5 3. exd5 exd5 4. Nf3 Bd6 5. Bd3 Nc6 6. c3 Nge7 7. Bg5 f6 8.
Bh4 Bg4 9. Qe2 Qd7 10. Nbd2 O-O-O 11. Bg3 Nf5 12. O-O-O Rde8 13. Qf1 Re7 14.
Re1 g6 15. Bxd6 Nxd6 16. Rxe7 Qxe7 17. h3 Bxf3 18. Nxf3 Re8 19. Qd1 Ne4 20. Qc2
Qd6 21. Bxe4 dxe4 22. Re1 f5 23. Qe2 Qd5 24. b3 Re7 25. Nd2 b5 26. a3 a5 27. b4
a4 28. g3 Kb7 29. Nf1 Ka6 30. h4 Qb3 31. Qb2 Qf7 32. Qd2 Rd7 33. Qe2 Ne7 34.
Ne3 Nd5 35. c4 Nxe3 36. cxb5+ Kb6 37. fxe3 Qb3 38. Qc2 Qxa3+ 39. Kd1 Qb3 40.
Qxb3 axb3 41. Kd2 Kxb5 42. Kc3 b2 43. Rb1 Rd6 44. Rxb2 Rc6+ 45. Kd2 Rc4 46. Ra2
Rxb4 47. h5 g5 48. Rc2 Kb6 49. d5 Rb5 50. Rc6+ Kb7 51. Rh6 Rxd5+ 52. Ke2 Rd7
53. Rf6 Rd5 54. Rh6 Ra5 55. Rxh7 Ra2+ 56. Kf1 Rh2 57. Rf7 Rxh5 58. Rxf5 Kc6 59.
Re5 Kd6 1/2-1/2

[Event "Manhem IM Swiss (Manhem 90 years)"]
[Site "?"]
[Date "1996.08.16"]
[Round "7"]
[White "Berg, Bo"]
[Black "Andersson, Goran"]
[Result "0-1"]
[WhiteElo "2090"]
[BlackElo "2205"]
[PlyCount "106"]
[EventDate "1996.08.12"]
[EventType "swiss"]
[EventRounds "9"]

1. g3 g6 2. Bg2 Bg7 3. a4 e5 4. b4 d5 5. a5 Ne7 6. Bb2 O-O 7. f4 exf4 8. Bxg7
Kxg7 9. gxf4 Qd6 10. Nc3 d4 11. Nb5 Qxf4 12. Nf3 Nbc6 13. O-O a6 14. Nfxd4 Qg5
15. Nxc7 Bh3 16. Rf2 Nxd4 17. Nxa8 Rxa8 18. Ra3 Bxg2 19. Rxg2 Qb5 20. Qa1 Qe5
21. e3 Nf3+ 22. Kf1 Rc8 23. Ke2 Qxa1 24. Rxa1 Ne5 25. Kd1 Nd5 26. Rb1 Rc4 27.
c3 f5 28. Rb3 Kf6 29. Re2 g5 30. b5 Ra4 31. bxa6 bxa6 32. Rb7 h5 33. Rb6+ Nxb6
34. axb6 Ra5 35. d4 Nc4 36. b7 Rb5 37. Kc2 Rxb7 38. Kd3 Nb2+ 39. Kc2 Ke6 40. e4
f4 41. Rg2 g4 42. Rf2 f3 43. h3 Nc4 44. Kd3 Rb2 45. Rf1 f2 46. hxg4 hxg4 47.
Kxc4 g3 48. Ra1 g2 49. Rxa6+ Kd7 50. Kc5 f1=Q 51. Ra7+ Kc8 52. c4 Qf6 53. Kd5
Rb6 0-1

[Event "Manhem IM Swiss (Manhem 90 years)"]
[Site "?"]
[Date "1996.08.16"]
[Round "7"]
[White "Ivanov, Michail"]
[Black "Gullaksen, Eirik"]
[Result "1-0"]
[WhiteElo "2465"]
[BlackElo "2325"]
[PlyCount "93"]
[EventDate "1996.08.12"]
[EventType "swiss"]
[EventRounds "9"]

1. Nf3 g6 2. c4 Bg7 3. e4 d6 4. d4 Nf6 5. Nc3 O-O 6. h3 e5 7. d5 a5 8. Bg5 Na6
9. g4 h6 10. Be3 Nc5 11. Nd2 Bd7 12. Be2 Ne8 13. Nb3 b6 14. h4 f5 15. gxf5 gxf5
16. exf5 Bxf5 17. Qd2 Ne4 18. Nxe4 Bxe4 19. Rg1 a4 20. Nc1 Qxh4 21. a3 Qh2 22.
Rg3 Rf6 23. Na2 Rg6 24. Rxg6 Qh1+ 25. Bf1 Bxg6 26. O-O-O Qe4 27. Nc3 Qf5 28. f3
Nf6 29. Qg2 Qh5 30. Be2 Kh7 31. Ne4 Nxe4 32. fxe4 Qh4 33. Bf3 Bh5 34. Rh1 Bxf3
35. Qxf3 Rf8 36. Qg2 Qf6 37. Rg1 Rf7 38. Kd2 Rf8 39. Kc3 Qf7 40. Kb4 Rd8 41.
Qh3 Bf8 42. Rf1 c5+ 43. dxc6 d5+ 44. Kc3 d4+ 45. Kd3 Qe8 46. Bxh6 Bxh6 47. Rf6
1-0

[Event "Manhem IM Swiss (Manhem 90 years)"]
[Site "?"]
[Date "1996.08.16"]
[Round "7"]
[White "Brynell, Stellan"]
[Black "Laveryd, Peter"]
[Result "1-0"]
[WhiteElo "2445"]
[BlackElo "2310"]
[PlyCount "87"]
[EventDate "1996.08.12"]
[EventType "swiss"]
[EventRounds "9"]

1. Nf3 Nf6 2. d4 g6 3. c4 Bg7 4. Nc3 O-O 5. e4 d6 6. Be2 e5 7. O-O Nc6 8. d5
Ne7 9. Ne1 Nd7 10. Be3 f5 11. f3 f4 12. Bf2 g5 13. a4 Ng6 14. a5 Rf7 15. c5 Bf8
16. c6 Nf6 17. Qb3 bxc6 18. dxc6 d5 19. Nxd5 Ne8 20. Nd3 h5 21. h3 g4 22. fxg4
hxg4 23. hxg4 Nd6 24. Nc5 Kh8 25. Rfd1 Rh7 26. Rd3 Qg5 27. Rh3 Ne8 28. Rxh7+
Kxh7 29. Qh3+ Kg7 30. Qh5 Qxh5 31. gxh5 Ne7 32. Nxe7 Bxe7 33. Nd7 Bxd7 34. cxd7
Nf6 35. Bb5 a6 36. Bc6 Rb8 37. Rd1 Bd8 38. Bh4 Kh6 39. b4 Kxh5 40. Bxf6 Bxf6
41. b5 Be7 42. bxa6 Bc5+ 43. Kf1 Rd8 44. Rd5 1-0

[Event "Manhem IM Swiss (Manhem 90 years)"]
[Site "?"]
[Date "1996.08.16"]
[Round "7"]
[White "Svensson, Bengt"]
[Black "Berg, Emanuel"]
[Result "1-0"]
[WhiteElo "2405"]
[BlackElo "2215"]
[PlyCount "87"]
[EventDate "1996.08.12"]
[EventType "swiss"]
[EventRounds "9"]

1. c4 e5 2. Nc3 Nc6 3. g3 Nf6 4. Bg2 Bc5 5. e3 O-O 6. Nge2 Re8 7. O-O Bf8 8. d4
exd4 9. Nxd4 Nxd4 10. Qxd4 d6 11. b3 g6 12. Bb2 Bg7 13. Qd2 Rb8 14. Nd5 Nxd5
15. cxd5 Bxb2 16. Qxb2 Bd7 17. Rac1 Rc8 18. Qd4 b6 19. Rc3 Bb5 20. Rfc1 f5 21.
a4 Ba6 22. h4 Re7 23. e4 Qf8 24. exf5 gxf5 25. Re3 Rce8 26. Rce1 Rxe3 27. Rxe3
Re7 28. Qf4 Rxe3 29. Qxe3 Qf7 30. Qg5+ Kf8 31. Qd8+ Kg7 32. Qg5+ Kf8 33. Bf3
Bd3 34. Qh6+ Qg7 35. Qe6 Qf7 36. Qe3 Bc2 37. h5 Qe7 38. Qc3 Be4 39. Qh8+ Kf7
40. Qxh7+ Ke8 41. Qxe7+ Kxe7 42. Bxe4 fxe4 43. g4 Kf6 44. h6 1-0

[Event "Manhem IM Swiss (Manhem 90 years)"]
[Site "?"]
[Date "1996.08.16"]
[Round "7"]
[White "Ronneland, Daniel"]
[Black "Trolle, Gustav"]
[Result "1/2-1/2"]
[WhiteElo "2190"]
[BlackElo "2170"]
[PlyCount "84"]
[EventDate "1996.08.12"]
[EventType "swiss"]
[EventRounds "9"]

1. d4 d5 2. Nf3 Nf6 3. c4 e6 4. Nc3 Be7 5. Bg5 O-O 6. e3 c6 7. Qc2 Nbd7 8. Bd3
h6 9. Bh4 dxc4 10. Bxc4 Nb6 11. Bd3 Nbd5 12. a3 Nxc3 13. bxc3 b6 14. O-O Bb7
15. Rfd1 Qc8 16. Qe2 Nd5 17. Bxe7 Nxe7 18. e4 Qc7 19. Ba6 Bxa6 20. Qxa6 Rfd8
21. a4 c5 22. a5 cxd4 23. cxd4 Qc6 24. Qd3 b5 25. a6 Qb6 26. Qb3 Rd6 27. Rdb1
Rb8 28. Qb4 Rd7 29. Ne5 Rc7 30. h3 Nc6 31. Nxc6 Qxc6 32. e5 Rb6 33. Ra5 Rxa6
34. Rxb5 Qc2 35. Rb8+ Kh7 36. h4 h5 37. Rb2 Ra1+ 38. Rb1 Ra4 39. Qd6 Ra2 40.
Rf1 Qc4 41. g3 Rc2 42. Qd8 Rc8 1/2-1/2

[Event "Manhem IM Swiss (Manhem 90 years)"]
[Site "?"]
[Date "1996.08.16"]
[Round "7"]
[White "Tonning, Erik"]
[Black "Pisulinski, Jan"]
[Result "0-1"]
[WhiteElo "2205"]
[BlackElo "2400"]
[PlyCount "82"]
[EventDate "1996.08.12"]
[EventType "swiss"]
[EventRounds "9"]

1. e4 c5 2. Nf3 d6 3. d4 cxd4 4. Nxd4 Nf6 5. Nc3 a6 6. Bc4 e6 7. Bb3 Nbd7 8. f4
Nc5 9. e5 Nfd7 10. exd6 Nf6 11. Be3 Bxd6 12. Qf3 Qc7 13. O-O-O Bd7 14. g4 O-O-O
15. g5 Ng8 16. Rd2 Ne7 17. Rhd1 Nxb3+ 18. axb3 Bb4 19. Rd3 Bc6 20. Qf2 Qa5 21.
Nxc6 Nxc6 22. Na4 Qf5 23. Ba7 Rxd3 24. Rxd3 Rd8 25. Rxd8+ Kxd8 26. Bb6+ Kc8 27.
Nc5 Bxc5 28. Bxc5 e5 29. Be3 exf4 30. Bxf4 Nb4 31. Qd2 Nd5 32. Bg3 Qf1+ 33. Qd1
Qxd1+ 34. Kxd1 Ne3+ 35. Kc1 Kd7 36. Be5 Ng4 37. Bg3 Ke6 38. Kd2 Kf5 39. h4 Ke4
40. Kc3 Ne3 41. Bd6 f5 0-1

[Event "Manhem IM Swiss (Manhem 90 years)"]
[Site "?"]
[Date "1996.08.16"]
[Round "7"]
[White "Hultin, Johan"]
[Black "Hellsten, Johan"]
[Result "1/2-1/2"]
[WhiteElo "2335"]
[BlackElo "2490"]
[PlyCount "77"]
[EventDate "1996.08.12"]
[EventType "swiss"]
[EventRounds "9"]

1. c4 c6 2. e4 d5 3. exd5 Nf6 4. Nc3 cxd5 5. cxd5 Nxd5 6. d4 g6 7. Bc4 Nb6 8.
Bb3 Bg7 9. Nf3 O-O 10. d5 Bg4 11. h3 Bxf3 12. Qxf3 N8d7 13. O-O Nc5 14. Rd1 Nc8
15. Bc4 Nd6 16. Bf1 Qd7 17. Bg5 Rac8 18. Re1 Rfe8 19. Rac1 Na4 20. Nxa4 Qxa4
21. Rxc8 Nxc8 22. d6 Nxd6 23. Rxe7 Rxe7 24. Bxe7 Qd7 25. Bxd6 Qxd6 26. Qxb7 Bd4
27. Qf3 Bxb2 28. Qa8+ Kg7 29. Qxa7 Bd4 30. Qa5 Qf4 31. Qe1 h5 32. Qe2 h4 33.
Qf3 Qxf3 34. gxf3 g5 35. a4 Bb6 36. Bc4 f5 37. Kf1 Kf6 38. Ke2 Ke5 39. Bb5
1/2-1/2

[Event "Manhem IM Swiss (Manhem 90 years)"]
[Site "?"]
[Date "1996.08.16"]
[Round "7"]
[White "Elsness, Frode"]
[Black "Zolnierowicz, Krzystof"]
[Result "0-1"]
[WhiteElo "2350"]
[BlackElo "2360"]
[PlyCount "76"]
[EventDate "1996.08.12"]
[EventType "swiss"]
[EventRounds "9"]

1. d4 d5 2. c4 e6 3. Nc3 c5 4. cxd5 exd5 5. Nf3 Nc6 6. g3 Nf6 7. Bg2 Be7 8. O-O
O-O 9. Bg5 cxd4 10. Nxd4 h6 11. Nxc6 bxc6 12. Be3 Bg4 13. Rc1 Qa5 14. h3 Be6
15. Qa4 Qc7 16. Bf4 Qb7 17. Qc2 Rac8 18. Rfd1 Rfd8 19. b3 Ba3 20. Ra1 Be7 21.
Rac1 Qa6 22. Qd3 Qa3 23. Qb1 c5 24. Na4 c4 25. Qb2 Qxb2 26. Nxb2 Ba3 27. Be5
Nd7 28. Bd4 Nc5 29. bxc4 dxc4 30. Bc3 Kf8 31. Kf1 f6 32. Ke1 Rxd1+ 33. Rxd1 Rb8
34. Rd2 Ke7 35. h4 a5 36. Kd1 Na4 37. Kc2 Nxc3 38. Kxc3 Bb4+ 0-1

[Event "Manhem IM Swiss (Manhem 90 years)"]
[Site "?"]
[Date "1996.08.16"]
[Round "7"]
[White "Moberg, Karl Johan"]
[Black "Wikstrom, Per"]
[Result "1-0"]
[WhiteElo "2390"]
[BlackElo "2145"]
[PlyCount "67"]
[EventDate "1996.08.12"]
[EventType "swiss"]
[EventRounds "9"]

1. e4 e6 2. d4 d5 3. Nd2 c5 4. exd5 Qxd5 5. Ngf3 cxd4 6. Bc4 Qd6 7. O-O Nf6 8.
Nb3 Nc6 9. Nbxd4 Nxd4 10. Nxd4 a6 11. Re1 Qc7 12. Bb3 Bd6 13. Nf5 Bxh2+ 14. Kh1
O-O 15. Nxg7 Rd8 16. Qf3 Kxg7 17. Bh6+ Kg6 18. c3 Nd5 19. Rad1 Be5 20. Bc1 f6
21. Qg4+ Kf7 22. f4 Nxf4 23. Rxd8 Qxd8 24. Bxf4 Bxf4 25. Qxf4 Qe7 26. Qh6 Ke8
27. Re3 Kd8 28. Rg3 Bd7 29. Rg8+ Be8 30. Rg7 Qd6 31. Qxf6+ Kc8 32. Qxe6+ Qxe6
33. Bxe6+ Kb8 34. Bd5 1-0

[Event "Manhem IM Swiss (Manhem 90 years)"]
[Site "?"]
[Date "1996.08.16"]
[Round "7"]
[White "Liljedahl, Lennart"]
[Black "Nei, Iivo"]
[Result "1/2-1/2"]
[WhiteElo "2320"]
[BlackElo "2380"]
[PlyCount "67"]
[EventDate "1996.08.12"]
[EventType "swiss"]
[EventRounds "9"]

1. e4 c5 2. Nc3 Nc6 3. g3 g6 4. Bg2 Bg7 5. d3 d6 6. f4 e6 7. Nf3 Nge7 8. O-O
O-O 9. Ne2 e5 10. Rb1 Be6 11. a3 Qc8 12. c3 a5 13. c4 Bg4 14. Rf2 Kh8 15. Bd2
Rg8 16. Qc1 a4 17. Be3 Na5 18. fxe5 dxe5 19. Nc3 Nb3 20. Qf1 Ra6 21. h3 Bd7 22.
Kh2 f6 23. h4 Bg4 24. Bh3 h5 25. Bxg4 hxg4 26. Ng1 Nd4 27. Kg2 Qd7 28. Qc1 Rd8
29. Nge2 Kh7 30. Qf1 Rd6 31. Qd1 Rb6 32. Qf1 Rd6 33. Qd1 Rb6 34. Qf1 1/2-1/2

[Event "Manhem IM Swiss (Manhem 90 years)"]
[Site "?"]
[Date "1996.08.16"]
[Round "7"]
[White "Rychagov, Mikhail"]
[Black "Ingbrandt, Johan"]
[Result "1/2-1/2"]
[WhiteElo "2495"]
[BlackElo "2355"]
[PlyCount "63"]
[EventDate "1996.08.12"]
[EventType "swiss"]
[EventRounds "9"]

1. e4 e5 2. Nf3 Nc6 3. Bb5 a6 4. Ba4 Nf6 5. O-O Be7 6. Re1 b5 7. Bb3 O-O 8. h3
d6 9. c3 Nb8 10. d4 Nbd7 11. Nbd2 Bb7 12. Bc2 Re8 13. Nf1 Bf8 14. Ng3 g6 15. a4
c5 16. Be3 exd4 17. cxd4 Bxe4 18. Nxe4 Nxe4 19. Bxe4 Rxe4 20. dxc5 Nxc5 21.
axb5 axb5 22. Qd5 Re8 23. Ng5 Ne6 24. Nxe6 fxe6 25. Qxb5 Rb8 26. Qe2 Qf6 27.
Ra2 d5 28. Rd1 Rb4 29. Qd2 Reb8 30. Bd4 e5 31. Ba7 R8b5 32. Be3 1/2-1/2

[Event "Manhem IM Swiss (Manhem 90 years)"]
[Site "?"]
[Date "1996.08.16"]
[Round "7"]
[White "Furhoff, Johan"]
[Black "Backlund, Anders"]
[Result "1/2-1/2"]
[WhiteElo "2330"]
[BlackElo "2190"]
[PlyCount "49"]
[EventDate "1996.08.12"]
[EventType "swiss"]
[EventRounds "9"]

1. e4 e6 2. d4 d5 3. Nd2 Nf6 4. e5 Nfd7 5. Ngf3 c5 6. c4 Nc6 7. cxd5 exd5 8.
Bd3 g6 9. O-O Bg7 10. dxc5 Nxc5 11. Nb3 Ne6 12. Re1 O-O 13. Bd2 f6 14. Bc3 fxe5
15. Nxe5 Nxe5 16. Bxe5 Qg5 17. Bg3 Bxb2 18. Rb1 Bg7 19. Bf1 Nf4 20. Nd4 Bg4 21.
f3 Bc8 22. Nb5 Bd7 23. Rb4 Kh8 24. Kh1 a5 25. Rxf4 1/2-1/2

[Event "Manhem IM Swiss (Manhem 90 years)"]
[Site "?"]
[Date "1996.08.16"]
[Round "7"]
[White "Gdanski, Jacek"]
[Black "Wallace, John Paul"]
[Result "1-0"]
[WhiteElo "2485"]
[BlackElo "2365"]
[PlyCount "47"]
[EventDate "1996.08.12"]
[EventType "swiss"]
[EventRounds "9"]

1. e4 {Scoresheet difficult to read.} c5 2. Nc3 e6 3. Nf3 a6 4. d4 cxd4 5. Nxd4
d6 6. g3 Nf6 7. Bg2 Be7 8. O-O O-O 9. a4 Nc6 10. Kh1 Rb8 11. Be3 Qc7 12. f4 Re8
13. Nce2 (13. Qe2 Nxd4 14. Bxd4 e5 15. Ba7 Ra8 16. Bg1 Be6 17. Qd2 exf4 18.
gxf4 Bf8 19. Bd4 Nd7 20. Rf3 f6 (20... f5 21. Rg3 Kh8 22. Rg1 Nf6 23. exf5 Bxf5
) 21. Rg3 Kh8 22. Rg1 f5) 13... Nxd4 14. Bxd4 e5 15. Ba7 Ra8 16. Bg1 Be6 17.
Qd2 exf4 18. gxf4 Rf8 (18... Bf8 19. Bd4 Nd7 20. Rf3 f5 21. Rg3 Kh8 22. Rg1 Nc5
23. exf5 Bxf5 24. Qc3) 19. Bd4 Nd7 20. Rf3 f5 21. Ng3 Kh8 22. Rg1 Nc5 23. exf5
Bxf5 24. Nh5 1-0

[Event "Manhem IM Swiss (Manhem 90 years)"]
[Site "?"]
[Date "1996.08.17"]
[Round "8"]
[White "Berg, Emanuel"]
[Black "Furhoff, Johan"]
[Result "0-1"]
[WhiteElo "2215"]
[BlackElo "2330"]
[PlyCount "106"]
[EventDate "1996.08.12"]
[EventType "swiss"]
[EventRounds "9"]

1. e4 Nc6 2. Nf3 e5 3. d4 exd4 4. Nxd4 Qh4 5. Nb5 Bc5 6. Qf3 Nd4 7. Nxd4 Bxd4
8. c3 Bb6 9. Bf4 d6 10. Bb5+ c6 11. Be2 Bc7 12. Nd2 Nf6 13. Qg3 Qxg3 14. Bxg3
Be6 15. O-O-O O-O-O 16. b3 d5 17. Bxc7 Kxc7 18. e5 Ng4 19. Bxg4 Bxg4 20. Rde1
h5 21. f3 Be6 22. f4 c5 23. Nf3 b5 24. Kb2 a5 25. a3 Ra8 26. h3 Kb6 27. Re2 Ra7
28. Rd1 g6 29. Red2 Rha8 30. Ng5 b4 31. c4 bxa3+ 32. Kxa3 d4 33. Rg1 Kc6 34. g4
a4 35. Nxe6 axb3+ 36. Kxb3 Rb8+ 37. Kc2 Ra2+ 38. Kd3 Rb3+ 39. Ke2 Re3+ 40. Kd1
Ra1+ 41. Kc2 Rxg1 42. Nd8+ Kc7 43. Nxf7 hxg4 44. hxg4 Rxg4 45. Ng5 Kd7 46. Rf2
Rc3+ 47. Kd2 Rxc4 48. Ne4 Rg1 49. Kd3 Rcc1 50. Ng5 Rc3+ 51. Kd2 Ra3 52. e6+ Ke7
53. Ne4 c4 0-1

[Event "Manhem IM Swiss (Manhem 90 years)"]
[Site "?"]
[Date "1996.08.17"]
[Round "8"]
[White "Brynell, Stellan"]
[Black "Gdanski, Jacek"]
[Result "1/2-1/2"]
[WhiteElo "2445"]
[BlackElo "2485"]
[PlyCount "101"]
[EventDate "1996.08.12"]
[EventType "swiss"]
[EventRounds "9"]

1. e4 g6 2. d4 Bg7 3. Nc3 c5 4. dxc5 Bxc3+ 5. bxc3 Qa5 6. Rb1 Qxc3+ 7. Qd2 Qxc5
8. Rb3 Qc7 9. Bb2 Nf6 10. Nf3 Nc6 11. e5 Nh5 12. Be2 Ng7 13. O-O Ne6 14. Ng5 b6
15. Ne4 Rf8 16. f4 Bb7 17. Nd6+ exd6 18. exd6 Qd8 19. f5 gxf5 20. Rxf5 Qh4 21.
Bf6 Qe4 22. Bd3 Qa4 23. Rh5 Rc8 24. Rxh7 Qa5 25. Qxa5 Nxa5 26. Rb4 Bd5 27. Rg4
Rc6 28. Be7 Nb7 29. Bxf8 Nxf8 30. Rg8 Nc5 31. Rhh8 Nce6 32. Bf5 Rxd6 33. Bxe6
Bxe6 34. Rxf8+ Ke7 35. h4 Rd2 36. h5 Rxc2 37. a4 Rc4 38. a5 bxa5 39. Ra8 Kf6
40. Rxa7 Kg7 41. Raa8 a4 42. h6+ Kf6 43. h7 Bf5 44. Rhc8 Rxc8 45. Rxc8 Bxh7 46.
Rc4 Ke5 47. Rxa4 d5 48. Kf2 d4 49. Ra7 Bg6 50. Re7+ Kd5 51. Ke2 1/2-1/2

[Event "Manhem IM Swiss (Manhem 90 years)"]
[Site "?"]
[Date "1996.08.17"]
[Round "8"]
[White "Haveland, Bjorn"]
[Black "Elsness, Frode"]
[Result "0-1"]
[WhiteElo "1855"]
[BlackElo "2350"]
[PlyCount "102"]
[EventDate "1996.08.12"]
[EventType "swiss"]
[EventRounds "9"]

1. e4 Nf6 2. Nc3 d5 3. exd5 Nxd5 4. Bc4 Nb6 5. Bb3 Nc6 6. Nf3 Bf5 7. d3 e6 8.
O-O Be7 9. Bf4 O-O 10. h3 Na5 11. Re1 Nxb3 12. axb3 a6 13. Qd2 Bb4 14. Qe3 Rc8
15. Re2 Re8 16. Ne5 f6 17. Nc4 e5 18. Bg3 Nd5 19. Nxd5 Qxd5 20. Nd2 Bd7 21. Qe4
Qb5 22. Qc4+ Kh8 23. Qxb5 axb5 24. c3 Bf8 25. f3 c5 26. c4 Bc6 27. Ne4 Ra8 28.
Rxa8 Rxa8 29. Rd2 Kg8 30. Kf1 Kf7 31. Bf2 b6 32. b4 cxb4 33. Bxb6 b3 34. cxb5
Bxb5 35. Nc5 Rb8 36. Ba7 Ra8 37. Bb6 Rb8 38. Ba7 Rd8 39. Ke2 Rd5 40. Ne4 Ba6
41. Nc3 Rd7 42. Bf2 Bb4 43. Be1 Bxc3 44. bxc3 Rxd3 45. Kd1 Rxd2+ 46. Bxd2 Bf1
47. g3 Bxh3 48. c4 Be6 49. c5 Bd5 50. f4 Ke6 51. fxe5 Kxe5 0-1

[Event "Manhem IM Swiss (Manhem 90 years)"]
[Site "?"]
[Date "1996.08.17"]
[Round "8"]
[White "Arnelind, Mikael"]
[Black "Ronneland, Daniel"]
[Result "1-0"]
[WhiteElo "2140"]
[BlackElo "2190"]
[PlyCount "93"]
[EventDate "1996.08.12"]
[EventType "swiss"]
[EventRounds "9"]

1. d4 Nf6 2. c4 g6 3. Nc3 Bg7 4. e4 d6 5. Be2 O-O 6. Nf3 Na6 7. Be3 e5 8. d5
Ng4 9. Bg5 f6 10. Bd2 f5 11. exf5 gxf5 12. Ng5 Nf6 13. f4 e4 14. Be3 Qe7 15.
O-O Bd7 16. Nb5 h6 17. Nh3 Bxb5 18. cxb5 Nb4 19. Bc4 Ng4 20. Bd2 a5 21. Qb3
Bd4+ 22. Kh1 Qg7 23. a3 Nd3 24. Bxd3 exd3 25. Qxd3 Bxb2 26. Rae1 Kh8 27. Nf2
Qd4 28. Qxd4+ Bxd4 29. Nxg4 fxg4 30. Re7 Rac8 31. Bxa5 b6 32. Bb4 Rf5 33. Re4
Bf6 34. Rd1 Rd8 35. g3 Kg7 36. Rc4 Rd7 37. a4 Re7 38. a5 bxa5 39. Bxa5 Re2 40.
Rxc7+ Kg6 41. h4 Bd8 42. Ra7 Bxa5 43. Rxa5 Rf8 44. Ra6 Rc8 45. Rxd6+ Kf5 46.
Re6 Rf2 47. Rde1 1-0

[Event "Manhem IM Swiss (Manhem 90 years)"]
[Site "?"]
[Date "1996.08.17"]
[Round "8"]
[White "Wallace, John Paul"]
[Black "Moberg, Karl Johan"]
[Result "1/2-1/2"]
[WhiteElo "2365"]
[BlackElo "2390"]
[PlyCount "83"]
[EventDate "1996.08.12"]
[EventType "swiss"]
[EventRounds "9"]

1. Nf3 Nf6 2. c4 g6 3. Nc3 d5 4. cxd5 Nxd5 5. Qa4+ Bd7 6. Qh4 Nxc3 7. dxc3 Nc6
8. Qg3 f6 9. h4 e6 10. e4 Bd6 11. Bf4 Bxf4 12. Qxf4 e5 13. Qe3 Qe7 14. h5 g5
15. Bc4 Nd8 16. O-O-O Nf7 17. Rd2 b6 18. Ne1 O-O-O 19. Nc2 c6 20. Qe2 Be6 21.
Rhd1 Rxd2 22. Rxd2 Rd8 23. Rxd8+ Nxd8 24. Ne3 Nf7 25. Bxe6+ Qxe6 26. Ng4 Nd6
27. Qf3 Ne8 28. a3 Kd7 29. Kc2 Ke7 30. Ne3 Nd6 31. g3 Kf7 32. b3 Kg7 33. c4 Kf7
34. Ng4 Kg7 35. Kd2 Ne8 36. Ke2 Kf7 37. Nh6+ Kf8 38. Qf5 Qxf5 39. Nxf5 Ng7 40.
Nxg7 Kxg7 41. c5 b5 42. g4 1/2-1/2